000 00277nam a22001337a 4500
008 170405b xxu||||| |||| 00| 0 eng d
020 _a0443086435
041 _aeng
080 _a616.15
100 _a9
101 _aSHM
245 _aHEMATOLOGY
_cHOFFMAN, R
942 _2udc
_cBK
999 _c9880
_d9880